000 00441nam a2200181Ia 4500
003 GCL
008 140319s9999 xx 000 0 eng d
040 _aGCL /
_cGCL
082 0 4 _a709.01
_bA P
100 1 _aADAM, LEONHARD
245 1 0 _aPRIMITIVE ART /
_cADAM, LEONHARD
260 _a[S.N] :
_bPENGUIN BOOKS ،
_c1954
300 _a253 P
490 _aAPELICAN BOOK
_v0
650 0 4 _aARTS
650 0 4 _aART, PRIMITIVE
942 _2ddc
_cBK
999 _c19377
_d19377